Бизнес на пальцах: Развитие навыков управления, продаж и маркетинга за 60 дней Практическое пособие
Какими качествами должен обладать настоящий лидер? Как на учиться управлению и что необходимо знать чтобы принести реальную пользу компании и повысить свою ценность как профессионала? Дональд Миллер глава компании Business Made Simple и автор бестселлеров «Метод Story Brand» и Marketing Made Simple...
Uloženo v:
| Hlavní autor: | |
|---|---|
| Médium: | Практическое пособие |
| On-line přístup: | https://znanium.ru/catalog/document?id=441619 https://znanium.ru/cover/2138/2138393.jpg |
| Tagy: |
Přidat tag
Žádné tagy, Buďte první, kdo otaguje tento záznam!
|
| LEADER | 02531nam0a2200289 i 4500 | ||
|---|---|---|---|
| 001 | RU\infra-m\znanium\bibl\2138393 | ||
| 003 | https://znanium.ru/catalog/document?id=441619 | ||
| 005 | 20240206000000.0 | ||
| 010 | |a 978-5-9614-7498-5 | ||
| 100 | |a 20240206d2024 m y0rusy0150 ca | ||
| 101 | 0 | |a rus | |
| 102 | |a RU | ||
| 200 | 1 | |a Бизнес на пальцах: Развитие навыков управления, продаж и маркетинга за 60 дней |e Практическое пособие | |
| 210 | 1 | |a Москва |c ООО "Альпина Паблишер" |d 2022 | |
| 215 | |a 216 с. | ||
| 330 | |a Какими качествами должен обладать настоящий лидер? Как на учиться управлению и что необходимо знать чтобы принести реальную пользу компании и повысить свою ценность как профессионала? Дональд Миллер глава компании Business Made Simple и автор бестселлеров «Метод Story Brand» и Marketing Made Simple в своей новой книге собрал 60 уроков которые способны заменить дорогие курсы бизнес-образования. Выполняя по одному уроку в день вы всего за два месяца разовьете навыки управления продаж маркетинга повысите личную эффективность. Книга будет полезна всем кто хочет стать востребованным специалистом добиться успеха в бизнесе и увеличить доход компании. | ||
| 333 | |a Дополнительное образование взрослых | ||
| 606 | |a Реклама. Маркетинг. PR |x Основы маркетинга |2 local | ||
| 608 | |a Практическое пособие |2 local | ||
| 675 | |a 658 |z rus | ||
| 686 | |a 6529 |2 rubbk | ||
| 686 | |a 38.03.02 |2 okso | ||
| 686 | |a 38.03.06 |2 okso | ||
| 700 | 1 | |a Миллер |b Д. |g Дональд | |
| 801 | 0 | |a RU |b Общество с ограниченной ответственностью «ЗНАНИУМ» |c 20240205 |2 rusmarc | |
| 856 | 4 | |a znanium.ru |m ebs_support@infra-m.ru |n НИЦ ИНФРА-М |u https://znanium.ru/catalog/document?id=441619 | |
| 856 | 4 | 1 | |a znanium.ru |d /cover/2138 |f 2138393.jpg |q image/jpeg |u https://znanium.ru/cover/2138/2138393.jpg |